| 000 | 00695cam a2200205 a 4500 | ||
|---|---|---|---|
| 001 | 000018126 | ||
| 005 | 20200929165350.0 | ||
| 008 | 840202s1979 nyub 000 0 eng d | ||
| 020 | _a0834801396 | ||
| 040 |
_aDO-SdBNP _cDLC _dDLC _dBNPHU |
||
| 082 |
_a895 _bP745a |
||
| 245 | 0 | 0 |
_aPoetry of Asia : _bfive millenniums of verse from thirty-three languages / _cGeneral editor, Keith Bosley. |
| 260 |
_aNew York : _bWeatherhill, _c1979. |
||
| 300 |
_a315, [2] p. : _bmaps ; _c24 cm. |
||
| 500 | _aPreviously published as: The Elek book of Oriental verse. | ||
| 650 | 4 |
_aLiteratura oriental _939276 |
|
| 700 | 1 |
_aBosley, Keith, _eed. _939277 |
|
| 910 | _aCatalogación derivada / LC | ||
| 049 | _aBNGR | ||
| 999 |
_c17647 _d17647 |
||